[Event "Noisiel op 9th"]
[Site "Noisiel"]
[Date "2024.04.09"]
[Round "6"]
[White "Peng, Li Min"]
[Black "Vlachos, Anatole"]
[Result "1-0"]
[WhiteElo "2544"]
[BlackElo "2482"]
[PlyCount "49"]
[EventDate "2024.04.06"]
[EventType "swiss"]
[EventRounds "9"]
[EventCountry "FRA"]
[SourceTitle "CB16_2024"]
[SourceDate "2024.04.17"]
[SourceVersion "1"]
[SourceVersionDate "2024.04.17"]
[SourceQuality "1"]

1. d4 d5 2. c4 c6 3. Nf3 Nf6 4. Nc3 e6 5. Bg5 h6 6. Bxf6 Qxf6 7. a3 dxc4 8. e3 b5 9. Ne5 Bd6 10. Ne4 Qd8 11. Qh5 Qa5+ 12. Ke2 Bxe5 13. dxe5 0-0 14. g4 b4 15. f4 c3 16. g5 cxb2 17. Rd1 Qa4 18. Bg2 Ba6+ 19. Kf2 b1Q 20. Rxb1 Bd3 21. Rbc1 Nd7 22. gxh6 g6 23. Qg5 Bxe4 24. Bxe4 Qxa3 25. Rcd1 1-0

[Event "Basel Easter op"]
[Site "Basel"]
[Date "2024.03.29"]
[Round "3"]
[White "Peng, Li Min"]
[Black "Fischer, Daniel1"]
[Result "1-0"]
[WhiteElo "2557"]
[BlackElo "2352"]
[PlyCount "106"]
[EventDate "2024.03.28"]
[EventType "swiss"]
[EventRounds "9"]
[EventCountry "SUI"]
[SourceTitle "CB14_2024"]
[SourceDate "2024.04.01"]
[SourceVersion "1"]
[SourceVersionDate "2024.04.01"]
[SourceQuality "1"]

1. f4 Nh6 2. Nf3 d5 3. e3 g6 4. c4 dxc4 5. Bxc4 Bg7 6. d4 0-0 7. 0-0 b6 8. Qe2 Bb7 9. Nc3 e6 10. Bd2 Nf5 11. Rad1 Nd7 12. Be1 Qc8 13. e4 Nd6 14. Bd3 c5 15. e5 cxd4 16. Nxd4 Nc5 17. Bc2 Ba6 18. Ndb5 Nxb5 19. Nxb5 Rd8 20. Bh4 Rxd1 21. Rxd1 Bf8 22. a4 Nb7 23. Kh1 Qc5 24. f5 Rc8 25. Bd3 Qb4 26. Be1 Qxa4 27. fxe6 fxe6 28. b3 Qxb3 29. Nd6 Nxd6 30. Bxa6 Rc2 31. Qd3 Qxd3 32. Bxd3 Rc6 33. exd6 Rxd6 34. Kg1 Rd5 35. Kf1 Bd6 36. h3 Bc5 37. Bc3 Kf7 38. Ke2 Ke7 39. Ra1 a5 40. Ra4 Rd7 41. Re4 Kd6 42. Bc4 Re7 43. Bf6 Re8 44. Kd3 e5 45. Bb5 Re6 46. Bg7 Bd4 47. Re2 Kc7 48. Ke4 Re7 49. Rc2+ Kb7 50. Bf8 Rf7 51. Bd6 Bc5 52. Bxe5 Rf2 53. Rxf2 Bxf2 1-0

[Event "Titled Tuesday intern op 12th Mar Early"]
[Site "Chess.com INT"]
[Date "2024.03.12"]
[Round "9"]
[White "Kleiman, Jake"]
[Black "Peng, Li Min"]
[Result "0-1"]
[WhiteElo "2399"]
[BlackElo "2557"]
[PlyCount "78"]
[EventDate "2024.03.12"]
[EventType "swiss (blitz)"]
[EventRounds "11"]
[EventCountry "USA"]
[SourceTitle "CB12_2024"]
[SourceDate "2023.10.01"]
[SourceVersion "1"]
[SourceVersionDate "2023.10.01"]
[SourceQuality "1"]

1. e4 Nc6 2. Nf3 d5 3. exd5 Qxd5 4. Nc3 Qh5 5. Be2 Bg4 6. d3 e5 7. Be3 f5 8. h3 0-0-0 9. Ng5 Bxe2 10. Qxe2 Qg6 11. Nf3 Nd4 12. Bxd4 exd4 13. Nb1 Re8 14. Ne5 Qxg2 15. Rf1 f4 16. Nd2 Bd6 17. Ndc4 Bxe5 18. Nxe5 Qg5 19. 0-0-0 f3+ 20. Qd2 Qxd2+ 21. Kxd2 Rxe5 22. Rg1 Re2+ 23. Kc1 g6 24. Rg4 Nh6 25. Rxd4 Nf5 26. Rf4 Rxf2 27. b4 Re8 28. Kb2 Ree2 29. Rc1 Ne3 30. Kb3 Nf5 31. a3 c6 32. a4 Kc7 33. b5 c5 34. c3 Rb2+ 35. Kc4 Kd6 36. Re1 Rfe2 37. Rxe2 fxe2 38. Re4 Ng3 39. Re3 Rb1 0-1

[Event "Malmo op"]
[Site "Malmo"]
[Date "2023.12.17"]
[Round "7"]
[White "Pantzar, Milton"]
[Black "Peng, Li Min"]
[Result "0-1"]
[WhiteElo "2456"]
[BlackElo "2562"]
[PlyCount "60"]
[EventDate "2023.12.15"]
[EventType "swiss"]
[EventRounds "8"]
[EventCountry "SWE"]
[SourceTitle "CB51_2023"]
[SourceDate "2023.12.20"]
[SourceVersion "1"]
[SourceVersionDate "2023.12.20"]
[SourceQuality "1"]

1. d4 Nf6 2. Nf3 e6 3. c4 d5 4. cxd5 exd5 5. Nc3 Bb4 6. Bg5 h6 7. Bxf6 Qxf6 8. Qa4+ Nc6 9. e3 0-0 10. Rc1 Qg6 11. h4 f5 12. h5 Qe6 13. Bb5 Bd7 14. Kf1 Bxc3 15. Rxc3 f4 16. Bxc6 Bxc6 17. Qc2 Rae8 18. Kg1 fxe3 19. Rxe3 Qd6 20. Ne5 Bd7 21. Rh4 Bf5 22. Qc3 Qf6 23. Rf4 Qg5 24. Ref3 Rf6 25. Qb3 c6 26. Qxb7 Bc8 27. Qc7 Rxf4 28. Qxc6 Rxf3 29. Qxd5+ Be6 30. Qxf3 Rf8 0-1

[Event "Leuven op 34th"]
[Site "Leuven"]
[Date "2023.11.09"]
[Round "1"]
[White "Peng, Li Min"]
[Black "Keetman, Dennis"]
[Result "1-0"]
[WhiteElo "2566"]
[BlackElo "1958"]
[PlyCount "49"]
[EventDate "2023.11.09"]
[EventType "swiss"]
[EventRounds "7"]
[EventCountry "BEL"]
[SourceTitle "CB46_2023"]
[SourceDate "2023.11.15"]
[SourceVersion "1"]
[SourceVersionDate "2023.11.15"]
[SourceQuality "1"]

1. d4 b6 2. Bf4 Bb7 3. e3 e6 4. Nf3 d6 5. c4 Nd7 6. Nc3 Ne7 7. h4 h6 8. h5 g5 9. hxg6 Nxg6 10. Bg3 Bg7 11. Bd3 Qe7 12. Qc2 Ndf8 13. 0-0-0 0-0-0 14. Rh5 a6 15. c5 Kb8 16. Qa4 Qd7 17. cxd6 cxd6 18. Qa3 a5 19. b4 e5 20. bxa5 Rc8 21. axb6 Bxf3 22. gxf3 Ne6 23. Kd2 Ng5 24. Rxg5 hxg5 25. Be4 1-0

[Event "SUI-ch op 122nd"]
[Site "Leukerbad"]
[Date "2023.07.18"]
[Round "4"]
[White "Peng, Li Min"]
[Black "Schlegel, Igor"]
[Result "1-0"]
[WhiteElo "2535"]
[BlackElo "2298"]
[PlyCount "61"]
[EventDate "2023.07.07"]
[EventType "swiss"]
[EventRounds "9"]
[EventCountry "SUI"]
[SourceTitle "EXT 2024"]
[Source "ChessBase"]
[SourceDate "2023.10.10"]
[SourceVersion "1"]
[SourceVersionDate "2023.10.10"]
[SourceQuality "1"]

1. e4 c5 2. Nf3 d6 3. d4 cxd4 4. Nxd4 Nf6 5. Nc3 a6 6. Bg5 Nbd7 7. Qe2 h6 8. Bh4 g6 9. f4 e5 10. fxe5 dxe5 11. 0-0-0 Qc7 12. Nb3 b5 13. g4 Be7 14. a3 Nb6 15. h3 Kf8 16. Bg2 Kg7 17. Rhf1 Nh7 18. Bxe7 Qxe7 19. Nd5 Nxd5 20. exd5 Qd6 21. Qe3 Rb8 22. Nc5 Nf6 23. Rd2 Rf8 24. Rdf2 Nxd5 25. Bxd5 Qxd5 26. Rd1 Qc6 27. Qxe5+ Kg8 28. Ne4 f5 29. Rd6 Qxe4 30. Rxg6+ Kf7 31. Rg7# 1-0

[Event "Purtichju op"]
[Site "Purtichju"]
[Date "2023.07.06"]
[Round "8"]
[White "Carnicelli, Valerio"]
[Black "Peng, Li Min"]
[Result "0-1"]
[WhiteElo "2344"]
[BlackElo "2535"]
[PlyCount "72"]
[EventDate "2023.07.01"]
[EventType "swiss"]
[EventRounds "9"]
[EventCountry "FRA"]
[SourceTitle "CBM 215 Extra"]
[Source "ChessBase"]
[SourceDate "2023.09.30"]
[SourceVersion "1"]
[SourceVersionDate "2023.09.30"]
[SourceQuality "1"]

1. e4 d6 2. d4 Nf6 3. Nc3 e5 4. Nf3 Nbd7 5. Bc4 Be7 6. 0-0 0-0 7. h3 c6 8. a4 b6 9. Qe2 Qc7 10. Rd1 a6 11. Be3 Bb7 12. dxe5 dxe5 13. Nh4 b5 14. Nf5 Bb4 15. Bb3 g6 16. Nh6+ Kg7 17. Ng4 Nxg4 18. Qxg4 Nf6 19. Qh4 Nh5 20. Ne2 Be7 21. Bb6 Qxb6 22. Qxe7 Rae8 23. Qd6 Nf6 24. Ng3 Qd8 25. Qc5 Qe7 26. Rd6 h5 27. h4 Ng8 28. Rad1 Qxh4 29. R1d3 Qe7 30. Qb6 Nf6 31. Qe3 Ng4 32. Qb6 h4 33. Rd7 Qg5 34. Nf5+ gxf5 35. Qxb7 Re7 36. exf5 Qc1+ 0-1

[Event "SUI-chT"]
[Site "Switzerland"]
[Date "2023.06.25"]
[Round "5.1"]
[White "Peng, Li Min"]
[Black "Godena, Michele"]
[Result "1-0"]
[WhiteElo "2517"]
[BlackElo "2437"]
[PlyCount "79"]
[EventDate "2023.04.16"]
[EventType "team-tourn"]
[EventRounds "9"]
[EventCountry "SUI"]
[SourceTitle "EXT 2024"]
[Source "ChessBase"]
[SourceDate "2023.10.10"]
[SourceVersion "1"]
[SourceVersionDate "2023.10.10"]
[SourceQuality "1"]
[WhiteTeam "Wollishofen"]
[BlackTeam "Mendrisio"]
[WhiteTeamCountry "SUI"]
[BlackTeamCountry "SUI"]

1. e4 e5 2. Nf3 Nc6 3. Nc3 Nf6 4. h3 d5 5. exd5 Nxd5 6. Bb5 Nxc3 7. bxc3 Bd6 8. 0-0 0-0 9. Re1 Qf6 10. d4 exd4 11. cxd4 h6 12. Rb1 a6 13. Bf1 Rd8 14. Bb2 Ne7 15. Bd3 Bf5 16. d5 Qg6 17. Nh4 Qg5 18. Nxf5 Nxf5 19. Re4 h5 20. Bc1 Qg6 21. Qf3 Re8 22. Bd2 Rxe4 23. Qxe4 Ne7 24. Rxb7 Qxe4 25. Bxe4 Re8 26. Bf3 g6 27. c4 Nf5 28. Kf1 Nh4 29. Bd1 Re4 30. Bb3 Nf5 31. Ba5 Kh7 32. Bxc7 Re7 33. Bxd6 Rxb7 34. Be5 f6 35. Bxf6 Rf7 36. Be5 Re7 37. f4 Rd7 38. Ke2 a5 39. c5 a4 40. Bc4 1-0

[Event "Cesme op-A 9th"]
[Site "Cesme"]
[Date "2023.06.22"]
[Round "5"]
[White "Peng, Li Min"]
[Black "Tarhan, Adar"]
[Result "1-0"]
[WhiteElo "2530"]
[BlackElo "2317"]
[PlyCount "53"]
[EventDate "2023.06.19"]
[EventType "swiss"]
[EventRounds "9"]
[EventCountry "TUR"]
[SourceTitle "CBM 214 Extra"]
[Source "ChessBase"]
[SourceDate "2023.07.31"]
[SourceVersion "1"]
[SourceVersionDate "2023.07.31"]
[SourceQuality "1"]

1. d4 Nf6 2. Bf4 d5 3. e3 c5 4. Nf3 Nc6 5. Nbd2 cxd4 6. exd4 Bg4 7. c3 Bxf3 8. Qxf3 e6 9. g4 Bd6 10. Bxd6 Qxd6 11. 0-0-0 Rb8 12. g5 Nd7 13. Kb1 b5 14. Bd3 Na5 15. h4 Nc4 16. h5 Ndb6 17. g6 f5 18. gxh7 Nxb2 19. Kxb2 Nc4+ 20. Ka1 Na3 21. Nb3 b4 22. Rc1 a5 23. Qg3 Qxg3 24. fxg3 a4 25. Nc5 b3 26. axb3 axb3 27. Kb2 1-0

[Event "Cesme op-A 9th"]
[Site "Cesme"]
[Date "2023.06.19"]
[Round "1"]
[White "Peng, Li Min"]
[Black "Rzayev, Bahruz Iqbal Oglu"]
[Result "1-0"]
[WhiteElo "2530"]
[BlackElo "2330"]
[PlyCount "119"]
[EventDate "2023.06.19"]
[EventType "swiss"]
[EventRounds "9"]
[EventCountry "TUR"]
[SourceTitle "CBM 214 Extra"]
[Source "ChessBase"]
[SourceDate "2023.07.31"]
[SourceVersion "1"]
[SourceVersionDate "2023.07.31"]
[SourceQuality "1"]

1. d4 Nf6 2. Bf4 c5 3. dxc5 Na6 4. f3 Nxc5 5. e4 Qb6 6. Na3 Qxb2 7. Nb5 Ne6 8. Rb1 Qxa2 9. Bd2 a6 10. Ra1 axb5 11. Rxa2 Rxa2 12. Qb1 Ra8 13. Bc3 g6 14. Bxb5 Bg7 15. Ne2 0-0 16. 0-0 d6 17. Rd1 Rd8 18. e5 dxe5 19. Rxd8+ Nxd8 20. Bxe5 Nd5 21. Bxg7 Kxg7 22. Qb2+ Nf6 23. Nf4 Kg8 24. Bc4 Bd7 25. g4 Bc6 26. Qe5 Bxf3 27. Qxe7 Nxg4 28. h3 Nh6 29. Kf2 Bc6 30. Bd3 Ne6 31. Nxe6 fxe6 32. Qxe6+ Nf7 33. Bc4 Be8 34. Bd5 Rb8 35. c4 b6 36. Qd6 Rb7 37. Qd8 Kf8 38. Qh4 Rd7 39. Qxh7 Rd6 40. h4 Rf6+ 41. Ke2 Nd6 42. Qh6+ Ke7 43. Qe3+ Kf8 44. Qxb6 Kg7 45. Qd4 Bf7 46. Qa7 Kh6 47. c5 Nb5 48. Qa1 Kg7 49. Bc6 Nc7 50. Qe5 Ne6 51. Bd7 Nxc5 52. Qxc5 Be6 53. Qe7+ Bf7 54. Qe5 Bg8 55. Kd3 Bf7 56. Kd4 Bg8 57. Kc5 Ba2 58. Bc6 Be6 59. Kd6 Kf7 60. Be8+ 1-0

[Event "Rheinland Pfalz op 13th"]
[Site "Engers"]
[Date "2023.06.11"]
[Round "7"]
[White "Peng, Li Min"]
[Black "Stillger, Bernhard"]
[Result "1-0"]
[WhiteElo "2530"]
[BlackElo "2289"]
[PlyCount "87"]
[EventDate "2023.06.08"]
[EventType "swiss"]
[EventRounds "7"]
[EventCountry "GER"]
[SourceTitle "CBM 214 Extra"]
[Source "ChessBase"]
[SourceDate "2023.07.31"]
[SourceVersion "1"]
[SourceVersionDate "2023.07.31"]
[SourceQuality "1"]

1. e4 e5 2. Nf3 Nc6 3. c3 Nf6 4. d4 exd4 5. e5 Nd5 6. cxd4 d6 7. Bb5 Be7 8. Nc3 Nxc3 9. bxc3 0-0 10. 0-0 Bg4 11. h3 Bh5 12. Re1 dxe5 13. Bxc6 bxc6 14. g4 Bg6 15. Nxe5 Bd6 16. Qf3 Bxe5 17. dxe5 Qd5 18. Qg3 Rfe8 19. Be3 c5 20. f4 Bd3 21. Rad1 c4 22. Bd4 c5 23. Bf2 Rab8 24. f5 Rb2 25. e6 fxe6 26. Re5 Qc6 27. Rde1 Rb1 28. Rxb1 Bxb1 29. Qe3 a6 30. fxe6 Bd3 31. e7 Qf6 32. Qxc5 Qf3 33. Re3 Qf7 34. Qe5 Bg6 35. Re1 h5 36. Bd4 hxg4 37. hxg4 Bd3 38. Kg2 Qg6 39. Kg3 Qf7 40. Re3 Kh8 41. Bc5 Bh7 42. Rf3 Qg6 43. Rf8+ Bg8 44. Qh5+ 1-0

[Event "Rheinland Pfalz op 13th"]
[Site "Engers"]
[Date "2023.06.09"]
[Round "3"]
[White "Peng, Li Min"]
[Black "Kettler, Ilija Jonas"]
[Result "1-0"]
[WhiteElo "2530"]
[BlackElo "2106"]
[PlyCount "67"]
[EventDate "2023.06.08"]
[EventType "swiss"]
[EventRounds "7"]
[EventCountry "GER"]
[SourceTitle "CBM 214 Extra"]
[Source "ChessBase"]
[SourceDate "2023.07.31"]
[SourceVersion "1"]
[SourceVersionDate "2023.07.31"]
[SourceQuality "1"]

1. d4 d5 2. Bf4 Nf6 3. e3 e6 4. Nf3 Bd6 5. Ne5 0-0 6. Nd2 c5 7. c3 Qc7 8. Bd3 Nc6 9. Ndf3 Ne4 10. 0-0 f6 11. Nxc6 Bxf4 12. exf4 Qxc6 13. Re1 Bd7 14. Qc2 f5 15. Ne5 Qc7 16. c4 Rac8 17. cxd5 exd5 18. f3 Nf6 19. Nxd7 Nxd7 20. Bxf5 cxd4 21. Bxh7+ Kh8 22. Qxc7 Rxc7 23. Bg6 Rxf4 24. h4 Rc8 25. Rac1 Rd8 26. Rc7 Nf8 27. h5 Nxg6 28. hxg6 Rf6 29. Rxb7 Rxg6 30. Rxa7 Rc8 31. Re2 d3 32. Rd2 Re6 33. Ra3 Rc1+ 34. Kf2 1-0